000 00490nam a2200181Ia 4500
008 240925s9999 xx 000 0 und d
020 _a9810201001
082 _a305.4 FAR
100 _aFaruqi , A . M
245 4 _aThe Role of Women in the Development of Science and Technology
250 _aNA
260 _aNew Jersey:
_bWorld Scientfic
_c,1988.
300 _a62p.
_bNA
_fOriginal
500 _aIncludes Index
600 _aSocial Sciences
650 _aSocial Sciences
942 _cBK
999 _c2897
_d2897